UM Logo

Fishing Practices and Catch-per-unit-effort in Malalag, Davao del Sur (Record no. 6393)

MARC details
000 -LEADER
fixed length control field 00579nam a22001577a 4500
008 - FIXED-LENGTH DATA ELEMENTS--GENERAL INFORMATION
fixed length control field 170309b xxu||||| |||| 00| 0 eng d
082 ## - DEWEY DECIMAL CLASSIFICATION NUMBER
Edition number 2016
Classification number UT 0719
Item number D56
100 ## - MAIN ENTRY--PERSONAL NAME
9 (RLIN) 19285
Personal name Diga, Resty D.
245 ## - TITLE STATEMENT
Title Fishing Practices and Catch-per-unit-effort in Malalag, Davao del Sur
Statement of responsibility, etc. Resty D. Diga, Donna Jane P. Pelonio and Marlo E. Pide.
300 ## - PHYSICAL DESCRIPTION
Extent 72 pages;
Other physical details 29 cm.
650 #0 - SUBJECT ADDED ENTRY--TOPICAL TERM
9 (RLIN) 19286
Topical term or geographic name as entry element Education
Form subdivision Biological Science
General subdivision Undergraduate Thesis.
700 ## - ADDED ENTRY--PERSONAL NAME
9 (RLIN) 19287
Personal name Diga, Resty D.
700 ## - ADDED ENTRY--PERSONAL NAME
9 (RLIN) 19288
Personal name Pelonio, Donna Jane P.
700 ## - ADDED ENTRY--PERSONAL NAME
9 (RLIN) 19289
Personal name Pide, Marlo E.
942 ## - ADDED ENTRY ELEMENTS (KOHA)
Source of classification or shelving scheme Dewey Decimal Classification
Koha item type Undergraduate Thesis
Holdings
Withdrawn status Lost status Source of classification or shelving scheme Damaged status Not for loan Home library Current library Date acquired Total Checkouts Full call number Barcode Date last seen Price effective from Koha item type
    Dewey Decimal Classification     UM Digos College - LIC UM Digos College - LIC 11/07/2016   UT 0719 D56 2016 UT0719 03/09/2017 03/09/2017 Undergraduate Thesis